|
|
|
|
| LEADER |
00000cam a2200000 a 4500 |
| 001 |
vtls008397697 |
| 003 |
SK-MaSNL |
| 005 |
20260301021101.0 |
| 008 |
230403s1951 xo gr 000 0 slo |
| 015 |
|
|
|a SNBA19451955-011183
|
| 020 |
|
|
|q (brožované)
|
| 035 |
|
|
|a SK01SNKBKSFS20020089914
|
| 035 |
|
|
|a urn:nbn:sk:snk-am3hwjl
|
| 035 |
|
|
|a EE68A431-E82F-451E-A27B-ABA786621320
|
| 035 |
|
|
|a urn:nbn:sk:snk-am00dbil
|
| 035 |
|
|
|a SKM000092377
|
| 040 |
|
|
|a SNK
|b slo
|c SNK
|e AACR2
|
| 041 |
1 |
|
|a slo
|h cze
|
| 043 |
|
|
|a e-ur---
|
| 044 |
|
|
|a xo
|c SK
|
| 080 |
|
|
|a 327(47+57)
|2 1981
|
| 130 |
0 |
|
|a Sovětská politika míru 1917-1951
|l Slovensky
|9 309461
|
| 245 |
0 |
0 |
|a Sovietska mierová politika 1917-1951
|c poslovenčili O. Silnická a M. Rástocká
|
| 250 |
|
|
|a Vydanie prvé
|
| 260 |
|
|
|a Bratislava
|b Svet socializmu
|c 1951
|e Bratislava
|f Typia
|
| 300 |
|
|
|a 66 strán
|c 24 cm
|
| 366 |
|
|
|e 30000 kusov
|
| 490 |
1 |
|
|a Mesiac československo-sovietskeho priateľstva
|
| 500 |
|
|
|a Chybne Sovietská
|
| 504 |
|
|
|a Preložené z českého vydania
|
| 648 |
|
7 |
|a 1917-1951
|2 SNKPH
|9 309462
|
| 650 |
0 |
7 |
|a medzinárodná politika
|2 SNKPH
|9 4293
|
| 651 |
|
7 |
|a Sovietsky zväz
|2 SNKPHgeo
|9 22126
|
| 655 |
|
7 |
|a prehľady
|2 SNKPH
|9 70194
|
| 700 |
1 |
|
|a Silnická, Oľga,
|d 1929-
|4 trl
|9 9193
|
| 700 |
1 |
|
|a Rástocká, M.
|4 trl
|9 309463
|
| 830 |
|
0 |
|a Mesiac československo-sovietskeho priateľstva
|9 309464
|
| 852 |
|
|
|a Slovenská národná knižnica
|
| 954 |
|
|
|a odborná, vedecká literatúra cudzojazyčná (svetová)
|2 lita
|
| 958 |
|
|
|a RK
|
| 958 |
|
|
|a TL
|
| 958 |
|
|
|a OP
|
| 958 |
|
|
|a OND
|
| 958 |
|
|
|a EUIPO
|
| 968 |
|
|
|b CZE
|
| 999 |
|
|
|c 564539
|d 566469
|
| 952 |
|
|
|a SNK
|b SNK
|y PREZ
|7 0
|p 17A0764113
|o snkSC 4612
|i snk251/52
|0 0
|1 0
|4 0
|d 2019-01-24
|f 1
|l 0
|r 2025-06-25 00:00:00
|w 2026-02-23
|